| 000 | 00706nam a2200217 a 4500 | ||
|---|---|---|---|
| 001 | 000023359 | ||
| 005 | 20250701132841.0 | ||
| 008 | 101203s1940 sp a r 001 0 spa d | ||
| 040 |
_aDO-SdBNP _bspa _cBNPHU |
||
| 082 |
_a338.9 _bG285a |
||
| 100 | 1 |
_aGay de Montella, R. _948124 |
|
| 245 | 1 | 0 |
_aAutarquía : _bnuevas orientaciones de la economía / _cR. Gay de Montella. |
| 260 |
_aBarcelona : _bBosch, Casa editorial, _c1940. |
||
| 300 |
_axii, 124 p. : _bil. ; _c22 cm. |
||
| 500 | _aIncluye índice de materias. | ||
| 500 | _aIncluye notas al pie de las páginas. | ||
| 650 | 4 |
_aAutarquía _948125 |
|
| 650 | 0 |
_aDesarrollo económico _985548 |
|
| 650 | 4 |
_aCrecimiento económico _98530 |
|
| 049 | _aBNGR | ||
| 999 |
_c22856 _d22856 |
||